000 00762nam a2200229 a 4500
005 20160304123939.0
008 160304b2002 cr ||||gr|||| 00| 0 spa d
020 _a996887504X
040 _aCO-BoIAVH
_cCO-BoIAVH
041 0 _aspa
044 _ack
082 0 4 _a333.72
_bH55a
100 1 _aHernández, Aurora
245 1 0 _aAmbiente, conflicto y cooperación en la cuenca del río Lempa /
_cAurora Hernández y Eduardo Rodríguez
260 _aSan Jose :
_bFUNPADEM ;
_c2002.
300 _a44 páginas ;
_c21 x 14 centímetros
650 6 _aMedio ambiente
_zHonduras
650 6 _aMedio ambiente
_xgeografía política
_zHonduras
651 4 _aCuenca del Río Lempa
700 1 _aRodríguez, Eduardo
942 _cLIBRO
_2ddc
999 _c5574
_d5574